000 00720nam a2200289Ia 4500
005 20260324120610.0
008 008 260324s9999 xx 000 0 eng d
020 _a9781315766386
037 _aEBOOK
040 _aCRL
040 _beng
040 _cCRL
041 _2eng
041 _aeng
084 _qCRL
100 _aAlpaslan Özerdem; Sung Yong Lee
_91159213
245 0 _aLocal Ownership in International Peacebuilding
245 0 _bKey Theoretical and Practical Issues
260 _bTaylor and Francis
260 _c2015
365 _a
365 _b240
856 _uhttp://www.taylorfrancis.com/books/9781315766386
942 _cEBOOK
999 _c1750829
_d1750829